1955 1021 1812 1328 1104 1887 1136 1448 1563 1990 1362 1893 1164 1435 1527 1804 1218 1735 1646 1029 1149 1940 1782 1457 1034 1275 1399 1179 1743 1416 1983 1752 1045 1231 1549 1441 1177 1985 1769 1304 1888 1200 1747 1851 1994 1761 1486 1177 2000 1222 1669 1248 1044 1806 1675 1617 1689 1849 1195 1926 1967 1164 1199 1984 1751 1749 1869 1266 1229 1727 1180 1465 1159 1305 1014 1544 1918 1434 1050 1316 1623 1221 1060 1405 1559 1193 1474 1609 1974 1989 1145 1969 1240 1180 1820 1092 1561 1935 1801 BCNSPRNW ULIB Ver.6.0+V

เปลี่ยนเป็นภาษาไทย

Change to English
 แสดงรายละเอียดบรรณานุกรม
  กลับหน้าหลัก

Brief Record : Get Marc (ISO 2709) : E-mail record : QR code < ปิดหน้าต่าง
LEADER : 00000nam 2200000uu 4500
001    13399108840
003     ULIB
008    110315s2549||||th 000 0 tha d
020    9748137392
020    9789748137391
060 04 WY105^bช576C7 2549
245 00 Communication skills...พูดคุยเรื่อง "วัคซีน" /^cบรรณาธิการ, ชิษณุ พันธุ์เจริญ
246 30 พูดคุยเรื่อง "วัคซีน"
250    พิมพ์ครั้งที่ 1
260    กรุงเทพฯ :^bสมาคมกุมารแพทย์แห่งประเทศไทย,^c2549
300    63 หน้า ;^c21 ซม.
650  7 การสื่อสารทางการแพทย์
650  7 วัคซีน
700 0  ชิษณุ พันธุ์เจริญ,^eบรรณาธิการ
710 2  สมาคมกุมารแพทย์แห่งประเทศไทย
995    เกษร
999 ^a ใช้งานได้ทุกระบบ
รายการนี้ยังไม่มีแท็ก
คุณยังไม่ได้ล็อกอิน คุณสามารถมีกิจกรรมร่วมกับเว็บไซต์ได้ แต่ต้องล็อกอินก่อน ::
  ล็อกอิน

รายการสื่อสารสนเทศ

ลำดับที่ ประเภท เลขเรียก/บาร์โค้ด สถานที่ สถานะ
- ไม่พบข้อมูล -

รายการใกล้เคียง
    หัวเรื่อง [การสื่อสารทางการแพทย์]
    หัวเรื่อง [วัคซีน]

BibComment


ยังไม่เคยถูกคอมเมนท์

คอมเมนท์ทรัพยากรรายการนี้
  คอมเมนท์: Communication ski..


 Copyright 2026. Bcnsprnw @Library